000 00339 a2200157 4500
001 192561
020 _a
040 _cMagnum
100 _aA. Netto, Maria Helena
240 1 0 _aDá para rir e para chorar
_lpor
245 1 0 _aDá para rir e para chorar
300 _a71
362 0 _a2007
697 _aLITERATURA GERAL
942 _cBK
999 _c192561
_d192561